The noble scholar, jurist, historian


 His Excellency Dr. Abdul Wahhab bin Ibrahim Abu Sulaiman, may Allah have mercy on him.


 He was born in Umm Al-Qura in the year 1356 AH.

فتاوى ورسائل في الأفراح / (Record no. 12773)

MARC details
000 -LEADER
fixed length control field 01113cam a2200253 i 4500
003 - CONTROL NUMBER IDENTIFIER
control field SA-RiAUC
005 - DATE AND TIME OF LATEST TRANSACTION
control field 20251029115831.0
008 - FIXED-LENGTH DATA ELEMENTS--GENERAL INFORMATION
fixed length control field 251022s1991 su g 000r0 ara c
040 ## - CATALOGING SOURCE
Original cataloging agency SA-RiPNUNIV
Language of cataloging ara
Transcribing agency SA-RiAUC
Description conventions rda
082 04 - DEWEY DECIMAL CLASSIFICATION NUMBER
Classification number 254.1
Assigning agency SA-RiAUC
090 ## - LOCALLY ASSIGNED LC-TYPE CALL NUMBER (OCLC); LOCAL CALL NUMBER (RLIN)
Classification number (OCLC) (R) ; Classification number, CALL (RLIN) (NR) 254.1
Local cutter number (OCLC) ; Book number/undivided call number, CALL (RLIN) ا ب ن ب
100 1# - MAIN ENTRY--PERSONAL NAME
Personal name ابن باز، عبد العزيز بن عبد الله بن عبد الرحمن،
Dates associated with a name 1332-1420 هجري
Relator term مؤلف.
245 10 - TITLE STATEMENT
Title فتاوى ورسائل في الأفراح /
Statement of responsibility, etc. عبد العزيز بن باز، محمد بن صالح العثيمين.
264 #1 - PRODUCTION, PUBLICATION, DISTRIBUTION, MANUFACTURE, AND COPYRIGHT NOTICE
Place of production, publication, distribution, manufacture الرياض :
Name of producer, publisher, distributor, manufacturer دار طيبة،
Date of production, publication, distribution, manufacture, or copyright notice [1991]
264 #3 - PRODUCTION, PUBLICATION, DISTRIBUTION, MANUFACTURE, AND COPYRIGHT NOTICE
Place of production, publication, distribution, manufacture [مكان الطبع غير محدد] :
Name of producer, publisher, distributor, manufacturer مطبعة دار طيبة
300 ## - PHYSICAL DESCRIPTION
Extent 31 صفحة ؛
Dimensions 11 × 16 سم
336 ## - CONTENT TYPE
Content type term نص
Content type code txt
Source rdacontent
Materials specified كتاب
337 ## - MEDIA TYPE
Media type term بدون وسيط
Media type code n
Source rdamedia
338 ## - CARRIER TYPE
Carrier type term مجلد
Carrier type code nc
Source rdacarrier
650 #7 - SUBJECT ADDED ENTRY--TOPICAL TERM
Topical term or geographic name entry element الزواج (فقه إسلامي)
Source of heading or term aucsh
700 1# - ADDED ENTRY--PERSONAL NAME
Personal name العثيمين، محمد بن صالح بن محمد،
Dates associated with a name 1347-1421 هجري
Relator term مؤلف.
942 ## - ADDED ENTRY ELEMENTS (KOHA)
Source of classification or shelving scheme Dewey Decimal Classification
Koha item type Books
Suppress in OPAC No
949 ## - LOCAL PROCESSING INFORMATION (OCLC)
a SA-JeALM
d 251022
u mohamedma123
n 1
Holdings
Withdrawn status Lost status Source of classification or shelving scheme Damaged status Not for loan Home library Current library Date acquired Total checkouts Full call number Barcode Date last seen Price effective from Koha item type
    Dewey Decimal Classification     DR AbdElwahab Library DR AbdElwahab Library 10/29/2025   254.1 ا ب ن ب 000020561 10/29/2025 10/29/2025 Books